[Event "Karlsruhe Grenke op"]
[Site "Karlsruhe"]
[Date "2025.04.18"]
[Round "2"]
[White "Harshavardhan, GB."]
[Black "Zolfagharian, Kevin"]
[Result "1-0"]
[WhiteElo "2431"]
[BlackElo "2207"]
[PlyCount "63"]
[EventDate "2025.04.17"]
[EventType "swiss"]
[EventRounds "9"]
[EventCountry "GER"]
[SourceTitle "CB17_2025"]
[SourceDate "2025.04.23"]
[SourceVersion "1"]
[SourceVersionDate "2025.04.23"]
[SourceQuality "1"]

1. d4 Nf6 2. c4 e6 3. Nf3 d5 4. g3 dxc4 5. Bg2 Bd7 6. Nbd2 b5 7. a4 c6 8. 0-0 a5 9. Qc2 Na6 10. b3 Nb4 11. Qb2 cxb3 12. Nxb3 bxa4 13. Nc5 Bxc5 14. dxc5 Qe7 15. Ne5 Qxc5 16. Nxd7 Kxd7 17. Rd1+ Ke7 18. Be3 Qb5 19. Rac1 Rhc8 20. Rc5 a3 21. Qxa3 Qxe2 22. Rd2 Qe1+ 23. Bf1 Qb1 24. Rb2 Qe4 25. f3 Qxf3 26. Re5 Qg4 27. Be2 Qg6 28. Rxa5 Nfd5 29. Rxa8 Rxa8 30. Bc5+ Kf6 31. Qxa8 Qh6 32. Qa1 1-0

[Event "Oberliga NRW 2223"]
[Site "Germany"]
[Date "2023.05.14"]
[Round "9.1"]
[White "Siebrecht, Sebastian"]
[Black "Zolfagharian, Kevin"]
[Result "1-0"]
[WhiteElo "2369"]
[BlackElo "2210"]
[PlyCount "65"]
[EventDate "2022.09.11"]
[EventType "team-tourn"]
[EventRounds "9"]
[EventCountry "GER"]
[SourceTitle "EXT 2025"]
[Source "ChessBase"]
[SourceDate "2024.10.14"]
[SourceVersion "1"]
[SourceVersionDate "2024.10.14"]
[SourceQuality "1"]
[WhiteTeam "Essen Katernberg"]
[BlackTeam "Solingen III"]
[WhiteTeamCountry "GER"]
[BlackTeamCountry "GER"]

1. Nf3 d5 2. e3 Nf6 3. c4 e6 4. b3 c5 5. Bb2 Nc6 6. cxd5 exd5 7. Bb5 Bg4 8. h3 Bh5 9. g4 Bg6 10. Ne5 Rc8 11. f4 Be4 12. 0-0 h5 13. g5 Bxb1 14. Rxb1 Ne4 15. d3 Ng3 16. Rf3 h4 17. e4 d4 18. b4 Bd6 19. g6 Bxe5 20. gxf7+ Kf8 21. Bxc6 Rxc6 22. fxe5 Qg5 23. Bc1 Qxe5 24. Bf4 Qe6 25. Kg2 cxb4 26. Rxb4 g5 27. Bxg5 Rh5 28. Rxd4 Rc8 29. Bf4 Re5 30. Qd2 Nh5 31. Bxe5 Qxe5 32. Rd5 Qg7+ 33. Kh2 1-0

[Event "BL2-West 2122"]
[Site "Germany"]
[Date "2022.05.01"]
[Round "4.7"]
[White "Mainka, Romuald"]
[Black "Zolfagharian, Kevin"]
[Result "1/2-1/2"]
[WhiteElo "2378"]
[BlackElo "2239"]
[PlyCount "68"]
[EventDate "2022.03.05"]
[EventType "team-tourn"]
[EventRounds "10"]
[EventCountry "GER"]
[SourceTitle "EXT 2023"]
[Source "ChessBase"]
[SourceDate "2022.10.05"]
[SourceVersion "1"]
[SourceVersionDate "2022.10.05"]
[SourceQuality "1"]
[WhiteTeam "Remagen Sinzig"]
[BlackTeam "Solingen II"]
[WhiteTeamCountry "GER"]
[BlackTeamCountry "GER"]

1. e4 c5 2. Nf3 d6 3. g3 Nf6 4. d3 Nc6 5. Bg2 g6 6. 0-0 Bg7 7. c3 0-0 8. Re1 Bg4 9. h3 Bxf3 10. Bxf3 d5 11. exd5 Nxd5 12. Qb3 Nb6 13. Rd1 Qd7 14. Bg2 Rad8 15. Na3 Ne5 16. Be3 Qf5 17. Bxc5 Nxd3 18. Be3 Ne5 19. Rxd8 Rxd8 20. Rd1 Rxd1+ 21. Qxd1 Qd3 22. Qb3 Qe2 23. Qb5 Qd1+ 24. Qf1 Nf3+ 25. Kh1 Qxf1+ 26. Bxf1 Na4 27. Bc1 a6 28. Nc2 Bf6 29. Be2 Ne5 30. Kg2 Nc5 31. Nb4 a5 32. f4 axb4 33. fxe5 Bxe5 34. cxb4 Na4 1/2-1/2

[Event "Karlsruhe Grenke op"]
[Site "Karlsruhe"]
[Date "2019.04.20"]
[Round "5"]
[White "Gschnitzer, Adrian"]
[Black "Zolfagharian, Kevin"]
[Result "0-1"]
[WhiteElo "2380"]
[BlackElo "2192"]
[PlyCount "78"]
[EventDate "2019.04.18"]
[EventType "swiss"]
[EventRounds "9"]
[EventCountry "GER"]
[SourceTitle "CBM 189 Extra"]
[Source "ChessBase"]
[SourceDate "2019.05.31"]
[SourceVersion "1"]
[SourceVersionDate "2019.05.31"]
[SourceQuality "1"]

1. e4 c5 2. Nf3 Nc6 3. d4 cxd4 4. Nxd4 Nf6 5. Nc3 d6 6. Bg5 e6 7. Qd2 Be7 8. 0-0-0 0-0 9. f4 Nxd4 10. Qxd4 Qa5 11. Kb1 Rd8 12. Bd3 Bd7 13. Qe3 Ng4 14. Qg3 Bxg5 15. Qxg4 Bf6 16. Ne2 Rac8 17. c3 Qb6 18. e5 Be7 19. h4 Ba4 20. f5 Bxd1 21. f6 Bf8 22. Rxd1 dxe5 23. Qe4 g6 24. Rh1 Qc6 25. Qe3 Qc5 26. Qf3 Bh6 27. Nc1 Qe3 28. Qxb7 Rb8 29. Qc7 Qb6 30. Qxb6 Rxb6 31. Be4 Rbd6 32. Nb3 Rd1+ 33. Rxd1 Rxd1+ 34. Kc2 Re1 35. Bb7 e4 36. c4 Re2+ 37. Kc3 Bf4 38. Kd4 e3 39. Ke4 Rxb2 0-1

[Event "Dortmund Sparkassen op-A 44th"]
[Site "Dortmund"]
[Date "2016.07.12"]
[Round "4"]
[White "Zolfagharian, Kevin"]
[Black "Dann, Matthias"]
[Result "0-1"]
[WhiteElo "2130"]
[BlackElo "2482"]
[PlyCount "78"]
[EventDate "2016.07.09"]
[EventType "swiss"]
[EventRounds "9"]
[EventCountry "GER"]
[SourceTitle "CBM 173 Extra"]
[Source "ChessBase"]
[SourceDate "2016.08.29"]
[SourceVersion "1"]
[SourceVersionDate "2016.08.29"]
[SourceQuality "1"]

1. e4 e6 2. Nf3 d5 3. Nc3 d4 4. Ne2 c5 5. Ng3 a6 6. Be2 Nc6 7. d3 Bd6 8. Nh5 g6 9. Nf4 Nf6 10. h4 Qc7 11. g3 e5 12. Ng2 h6 13. Nh2 Be6 14. h5 Nxh5 15. Bxh5 gxh5 16. Bd2 0-0-0 17. Nh4 c4 18. Qxh5 Nb4 19. Bxb4 Bxb4+ 20. Kd1 Kb8 21. N2f3 cxd3 22. cxd3 Rc8 23. Qxe5 Bd6 24. Qxd4 Qc2+ 25. Ke1 Rhd8 26. Kf1 Bxg3 27. Ne1 Qc7 28. Qe3 Be5 29. Qe2 Qd7 30. Neg2 Bg4 31. Qd2 h5 32. f3 Bh3 33. f4 Bd4 34. f5 Bg4 35. Ne3 Rg8 36. Nxg4 Rxg4 37. Nf3 Rcg8 38. Rd1 Ka8 39. Qb4 Ba7 0-1

[Event "Solingen-ch"]
[Site "Solingen"]
[Date "2015.11.06"]
[Round "5"]
[White "Zolfagharian, Kevin"]
[Black "Ferger, Juergen"]
[Result "1-0"]
[WhiteElo "2110"]
[BlackElo "1915"]
[PlyCount "41"]
[EventDate "2015.09.04"]
[EventType "swiss"]
[EventRounds "7"]
[EventCountry "GER"]
[SourceTitle "EXT 2018"]
[Source "ChessBase"]
[SourceDate "2017.10.13"]
[SourceVersion "1"]
[SourceVersionDate "2017.10.13"]
[SourceQuality "1"]

1. e4 d6 2. d4 Nf6 3. Nc3 g6 4. Nf3 Bg7 5. Be3 0-0 6. Qd2 Re8 7. 0-0-0 a6 8. h4 Bg4 9. Bh6 Bh8 10. Qf4 Bxf3 11. Qxf3 Qd7 12. Be2 Nc6 13. h5 e5 14. hxg6 hxg6 15. Bg5 Nh7 16. Rxh7 Kxh7 17. Nd5 f6 18. Rh1+ Kg8 19. Bc4 Re6 20. Nxf6+ Bxf6 21. Qxf6 1-0

[Event "GER-chT U20"]
[Site "Naumburg Saale"]
[Date "2014.12.29"]
[Round "5.2"]
[White "Zolfagharian, Kevin"]
[Black "Moehn, Hans"]
[Result "1-0"]
[WhiteElo "2086"]
[BlackElo "2266"]
[PlyCount "127"]
[EventDate "2014.12.27"]
[EventType "team-swiss"]
[EventRounds "7"]
[EventCountry "GER"]
[SourceTitle "EXT 2016"]
[Source "ChessBase"]
[SourceDate "2015.10.08"]
[SourceVersion "1"]
[SourceVersionDate "2015.10.08"]
[SourceQuality "1"]
[WhiteTeam "Solingen"]
[BlackTeam "Dresden TU"]
[WhiteTeamCountry "GER"]
[BlackTeamCountry "GER"]

1. e4 c6 2. d4 d5 3. e5 Bf5 4. g4 Be4 5. Nf3 e6 6. Be3 Bxf3 7. Qxf3 Qb6 8. Nd2 c5 9. dxc5 Bxc5 10. Bxc5 Qxc5 11. Qb3 Nc6 12. Bb5 Nge7 13. 0-0-0 Qxf2 14. Nf3 0-0 15. h4 Nxe5 16. Rdf1 Qg3 17. Kb1 Nxf3 18. Rxf3 Qd6 19. h5 h6 20. g5 hxg5 21. Qe3 g4 22. h6 Nf5 23. Qg5 Qe5 24. Qxg4 Nxh6 25. Qg1 Kh7 26. Re3 Qd4 27. c3 Qf4 28. Bd3+ Kh8 29. Rg3 Qf6 30. Qe3 e5 31. Rf3 Qb6 32. Qxe5 Rae8 33. Qg5 Re6 34. Qxd5 Rf6 35. Qe4 Rg6 36. Rxf7 Rxf7 37. Qe8+ Kh7 38. Qxf7 Qd6 39. Bc2 Qf6 40. Qe8 Qg5 41. Qf7 Qg2 42. Qf1 Kg8 43. Bxg6 Qxg6+ 44. Ka1 Qe4 45. Qe1 Qxe1+ 46. Rxe1 Kf7 47. Kb1 g5 48. Kc2 g4 49. Kd3 Kf6 50. b4 Kg5 51. c4 g3 52. c5 a6 53. a4 Kf4 54. b5 axb5 55. axb5 g2 56. Rg1 Kf3 57. Kd4 Nf7 58. Kd5 Kf2 59. Ra1 g1Q 60. Rxg1 Kxg1 61. c6 bxc6+ 62. bxc6 Nh8 63. c7 Ng6 64. Kd6 1-0

[Event "Dortmund Sparkassen op-A"]
[Site "Dortmund"]
[Date "2014.07.20"]
[Round "9"]
[White "Naundorf, Maik"]
[Black "Zolfagharian, Kevin"]
[Result "1-0"]
[WhiteElo "2152"]
[BlackElo "2067"]
[PlyCount "85"]
[EventDate "2014.07.12"]
[EventType "swiss"]
[EventRounds "9"]
[EventCountry "GER"]
[SourceTitle "CBM 161 Extra"]
[Source "ChessBase"]
[SourceDate "2014.08.29"]
[SourceVersion "1"]
[SourceVersionDate "2014.08.29"]
[SourceQuality "1"]

1. c4 e5 2. g3 Bc5 3. Nc3 Nf6 4. Bg2 Nc6 5. e3 0-0 6. Nge2 d6 7. 0-0 a5 8. b3 h5 9. h3 Bf5 10. d3 Qd7 11. Kh2 Rae8 12. e4 Bh7 13. f4 exf4 14. gxf4 Nd4 15. Nxd4 Bxd4 16. Bb2 Qe6 17. Bf3 g6 18. Qd2 Kh8 19. Nd5 Nxd5 20. Bxd4+ Nf6 21. f5 Qe7 22. Qg5 Kg7 23. Bxh5 Qd8 24. fxg6 fxg6 25. Bxg6 Bxg6 26. Rg1 Rf7 27. Raf1 Re6 28. Qxg6+ Kf8 29. Rf5 Ke7 30. Rgf1 Qh8 31. Qg5 c5 32. Bc3 b6 33. a4 Qf8 34. R1f3 Qh8 35. Bb2 Qf8 36. h4 Qh8 37. Kh3 Qf8 38. R3f4 Qh8 39. Bc3 Qf8 40. h5 Re5 41. Rxe5+ dxe5 42. Qxe5+ Kd7 43. Rxf6 1-0

[Event "Dortmund Sparkassen op-A"]
[Site "Dortmund"]
[Date "2014.07.19"]
[Round "8"]
[White "Zolfagharian, Kevin"]
[Black "Ozerov, Ilja"]
[Result "1/2-1/2"]
[WhiteElo "2067"]
[BlackElo "2118"]
[PlyCount "87"]
[EventDate "2014.07.12"]
[EventType "swiss"]
[EventRounds "9"]
[EventCountry "GER"]
[SourceTitle "CBM 161 Extra"]
[Source "ChessBase"]
[SourceDate "2014.08.29"]
[SourceVersion "1"]
[SourceVersionDate "2014.08.29"]
[SourceQuality "1"]

1. e4 g6 2. d4 Bg7 3. Nf3 d6 4. Nc3 Nf6 5. Be3 0-0 6. Qd2 a6 7. Bd3 b5 8. Ne2 Bb7 9. Ng3 Nbd7 10. Bh6 e5 11. Bxg7 Kxg7 12. dxe5 dxe5 13. Qg5 Ng8 14. Qe3 Qf6 15. Rd1 Rfd8 16. Ne2 h6 17. 0-0 Qb6 18. Qc1 Ngf6 19. Ng3 Re8 20. Kh1 Rad8 21. b4 c5 22. Nh4 Ng8 23. f4 Qf6 24. Nhf5+ Kh7 25. fxe5 Qxe5 26. Bxb5 axb5 27. Nd6 Ndf6 28. Nxb7 Rxd1 29. Rxd1 cxb4 30. Nd6 Re7 31. Qa1 Qxa1 32. Rxa1 Rc7 33. Rc1 Ra7 34. Ra1 Rc7 35. Rc1 Ra7 36. Nxb5 Rxa2 37. h3 Nd7 38. Nd4 Ne5 39. Rb1 Ra4 40. Nf1 Ne7 41. Ne3 N7c6 42. Nxc6 Nxc6 43. Nd5 Ra2 44. Nxb4 1/2-1/2